[Event "FRA-ch op-D"]
[Site "Aix les Bains"]
[Date "2007.08.18"]
[Round "5"]
[White "Joos, Rene"]
[Black "Tchordjallian, Alexandre"]
[Result "0-1"]
[WhiteElo "1470"]
[BlackElo "1380"]
[PlyCount "100"]
[EventDate "2007.08.13"]
[EventType "swiss"]
[EventRounds "11"]
[EventCountry "FRA"]
[SourceTitle "CBM 120 Extra"]
[Source "ChessBase"]
[SourceDate "2007.11.01"]
[SourceVersion "1"]
[SourceVersionDate "2007.11.01"]
[SourceQuality "1"]

1. f4 d5 2. d4 e6 3. Nf3 c5 4. c3 Nc6 5. Be3 Qb6 6. Qb3 Nh6 7. Bf2 Bd6 8. e3 Ng4 9. h3 Nxf2 10. Kxf2 Bd7 11. Nbd2 Na5 12. Qxb6 axb6 13. Be2 b5 14. Nb3 b6 15. Nbd2 Nc4 16. Nxc4 bxc4 17. Bd1 b5 18. dxc5 Bxc5 19. b3 0-0 20. b4 Be7 21. Re1 Bf6 22. Ne5 Rfd8 23. Re2 Ra3 24. Rc2 Be7 25. Ke2 Be8 26. Kd2 f6 27. Nf3 Bg6 28. Rb2 Be4 29. Bc2 g6 30. Nd4 Ra6 31. g3 Rb8 32. a3 e5 33. Ne2 Rd8 34. Rba2 Bxc2 35. Kxc2 Ra4 36. Rf1 Bd6 37. h4 Bb8 38. Kd2 Bc7 39. Kc2 Bb6 40. Kd2 Rda8 41. Rfa1 Kf7 42. Ng1 Rd8 43. Nh3 Kg7 44. Nf2 d4 45. cxd4 exd4 46. e4 d3 47. Nd1 Bd4 48. Nb2 c3+ 49. Kxd3 cxb2 50. Rb1 Kf7 0-1

[Event "FRA-ch op-D"]
[Site "Aix les Bains"]
[Date "2007.08.15"]
[Round "1"]
[White "Cornaton, Julien"]
[Black "Tchordjallian, Alexandre"]
[Result "1-0"]
[WhiteElo "1500"]
[BlackElo "1380"]
[PlyCount "93"]
[EventDate "2007.08.13"]
[EventType "swiss"]
[EventRounds "11"]
[EventCountry "FRA"]
[SourceTitle "CBM 120 Extra"]
[Source "ChessBase"]
[SourceDate "2007.11.01"]
[SourceVersion "1"]
[SourceVersionDate "2007.11.01"]
[SourceQuality "1"]

1. e4 e5 2. Nf3 Nf6 3. Nc3 Bb4 4. a3 Bxc3 5. dxc3 d6 6. Bd3 Bg4 7. h3 Be6 8. 0-0 0-0 9. Re1 Nbd7 10. Ng5 Nc5 11. Nxe6 Nxe6 12. Qf3 Re8 13. Qg3 Nh5 14. Qg4 Nef4 15. Bxf4 Nxf4 16. Bc4 Qf6 17. Re3 Qg6 18. Qxg6 Nxg6 19. Rd1 Rad8 20. g3 Nf8 21. Red3 Ne6 22. Bxe6 Rxe6 23. c4 b6 24. a4 g6 25. Ra1 Rf8 26. a5 f5 27. exf5 Rxf5 28. axb6 axb6 29. Ra8+ Kg7 30. Ra7 Re7 31. Rxd6 cxd6 32. Rxe7+ Rf7 33. Rxf7+ Kxf7 34. Kg2 e4 35. g4 Ke6 36. Kg3 Ke5 37. c3 g5 38. b3 d5 39. cxd5 Kxd5 40. h4 h6 41. hxg5 hxg5 42. f3 e3 43. Kg2 b5 44. Kf1 b4 45. cxb4 Kd4 46. Ke2 Kc3 47. b5 1-0